Boris Karloff Filmography - Statistics

General Stats
  • This quiz has been taken 15 times
    7 since last reset
  • The average score is 10 of 296
Answer Stats
Type Year Name % Correct
Film 1935 Bride of Frankenstein
80%
Film 1931 Frankenstein
80%
Film 1939 Son of Frankenstein
60%
Film 1935 The Raven
60%
Film 1963 The Raven
60%
Film 1940 Black Friday
40%
Film 1944 House of Frankenstein
40%
Film 1932 Scarface
40%
Film 1968 Targets
40%
Film 1934 The Black Cat
40%
Film 1945 The Body Snatcher
40%
Film 1963 The Comedy of Terrors
40%
Film 1964 The Comedy of Terrors
40%
Film 1936 The Invisible Ray
40%
Film 1932 The Mummy
40%
Film 1963 The Terror
40%
Film 1946 Bedlam
20%
Film 1963 Black Sabbath
20%
Film 1958 Corridors of Blood
20%
Film 1968 House of Evil
20%
TV Special 1966 How the Grinch Stole Christmas!
20%
Film 1945 Isle of the Dead
20%
Film 1940 The Ape
20%
Film 1958 The Haunted Strangler
20%
Film 1939 The Man They Could Not Hang
20%
Film 1932 The Old Dark House
20%
Film 1936 The Walking Dead
20%
Film 1939 Tower of London
20%
Commercial 1978 A-1 Steak Sauce
0%
Film 1953 Abbott and Costello Meet Dr. Jekyll and Mr. Hyde
0%
Film 1949 Abbott and Costello Meet the Killer, Boris Karloff
0%
TV Film 1955 A Connecticut Yankee
0%
Documentary 1964 A Fool's World
0%
Film 1932 Alias the Doctor
0%
TV Show 1953 All Star Revue
0%
Film 1929 Anne Against the World
0%
Theater 1941, 1943, 1946 Arsenic and Old Lace
0%
TV Film 1962 Arsenic & Old Lace
0%
Theater Early 1900s Baby Mine
0%
Film 1940 Before I Hang
0%
Film 1929 Behind That Curtain
0%
Film 1932 Behind the Mask
0%
Film 1964 Bikini Beach
0%
Radio Series 1950 Bill Stern Colgate Sports Newsreel
0%
Short TV Documentary 2002 Boris Karloff and Bela Lugosi
0%
Radio Series 1940 Boris Karloff's Treasure Chest
0%
Documentary 2021 Boris Karloff: The Man Behind the Monster
0%
Documentary 2022 Boris Karloff: The Rest of the Story
0%
Theater Early 1900s Bought and Paid For
0%
Film 1940 British Intelligence
0%
Film 1928 Burning the Wind
0%
Commercial 1968 Butternut Coffee
0%
Film 1971 Cauldron of Blood
0%
TV Show 1952 CBS Television Workshop
0%
Theater Early 1900s Charley's Aunt
0%
Film 1936 Charlie Chan at the Opera
0%
Film 1921 Cheated Hearts
0%
TV Show 1954, 1956 Climax!
0%
TV Film 1953 Colonel March Investigates
0%
TV Show 1954-1956 Colonel March of Scotland Yard
0%
Film 1931 Cracked Nuts
0%
Radio Series 1944 Creeps by Night
0%
Film 1968 Curse of the Crimson Altar
0%
TV Show 1952 Curtain Call
0%
Film 1939 Devil's Island
0%
Film 1947 Dick Tracy Meets Gruesome
0%
Film 1965 Die, Monster, Die!
0%
Film 1940 Doomed to Die
0%
Radio Series 1945 Duffy's Tavern
0%
Film 1924 Dynamite Dan
0%
Theater Early 1900s East Lynne
0%
Film 1968 Fear Chamber
0%
Film 1931 Five Star Final
0%
Film 1926 Flames
0%
Film 1926 Flaming Fury
0%
Radio Series 1934, 1936 Fleischmann Hour
0%
Film 1925 Forbidden Cargo
0%
Film 1958 Frankenstein 1970
0%
TV Show 1955, 1959 General Electric Theater
0%
Film 1934 Gift of Gab
0%
Film 1931 Graft
0%
Radio Series 1948 Guest Star
0%
Film 1926 Her Honor, the Governor
0%
Film 1919 Her Majesty, the American
0%
Radio Series 1945 Hildegarde's Radio Room
0%
Radio Series 1934 Hollywood on Parade
0%
TV Show 1953 Hollywood Opening Night
0%
Theater 1920s Hotel Imperial
0%
Film 1931 I Like Your Nerve
0%
Radio Series 1941, 1944, 1945 Information Please
0%
Radio Series 1941-1952 Inner Sanctum Mystery
0%
TV Show 1950 Inside U.S.A. with Chevrolet
0%
Film 1971 Isle of the Snake People
0%
TV Show 1967 I Spy
0%
Film 1936 Juggernaut
0%
Radio Series 1961 Karloff
0%
Radio Series 1941 Kate Smith Hour
0%
Radio Series 1940 Kay Kyser's Kollege of Musical Knowledge
0%
Film Serial 1931 King of the Wild
0%
Theater 1929 Kongo
0%
Film 1925 Lady Robinhood
0%
Film 1927 Let It Rain
0%
Radio Series 1938, 1947 Lights Out
0%
TV Show 1950 Lights Out
0%
Film 1947 Lured
0%
TV Show 1951, 1952, 1957 Lux Video Theatre
0%
Film 1967 Mad Monster Party?
0%
TV Show 1950 Masterpiece Playhouse
0%
Film 1930 Mothers Cry
0%
Film 1938 Mr. Wong, Detective
0%
Film 1939 Mr. Wong in Chinatown
0%
Film 1925 Never the Twain Shall Meet
0%
Film 1937 Night Key
0%
Film 1932 Night World
0%
Film 1926 Old Ironsides
0%
Film 1922 Omar the Tentmaker
0%
Theater 1946 On Borrowed Time
0%
TV Show 1962 Out of This World
0%
Theater Early 1900s Paid in Full
0%
Film 1925 Parisian Nights
0%
Film 1925 Perils of the Wild
0%
TV Show 1950 Perry Como's Kraft Music Hall
0%
Theater 1950-1951 Peter Pan
0%
Radio Series 1947 Philco Radio Show
0%
Radio Series 1952 Phillip Morris Playhouse on Broadway
0%
TV Show 1956, 1958, 1960 Playhouse 90
0%
Radio Series 1956 Recollections at 30
0%
Film Serial 1924 Riders of the Plains
0%
TV Show 1951, 1953 Robert Montgomery Presents
0%
Commercial 1968 Ronson Lighters
0%
TV Show 1962 Route 66
0%
Radio Series 1937, 1938, 1939 Royal Gelatin Hour
0%
Film 1954 Sabaka
0%
TV Show 1952 Schlitz Playhouse
0%
Film 1928 Sharp Shooters
0%
Commercial 1966 Sheaffer Pens
0%
Radio Series 1935 Shell Chateau
0%
TV Show 1965 Shindig!
0%
TV Show 1958 Shirley Temple's Storybook
0%
Radio Series 1946 Showstoppers
0%
Film 1932 Skyscraper Souls
0%
Film 1931 Smart Money
0%
Film 1927 Soft Cushions
0%
Film 1931 Sous Les Verrous
0%
Radio Series 1949 Starring Boris Karloff
0%
Radio Series 1941, 1951 Stars on Parade
0%
TV Show 1951, 1952, 1958 Studio One in Hollywood
0%
TV Show 1960 Sunday Showcase
0%
Radio Series 1945 Suspense
0%
TV Show 1949-1953 Suspense
0%
TV Show 1957 Suspicion
0%
Radio Series 1953-1968 Tales from the Reader's Digest
0%
TV Show 1952, 1953 Tales of Tomorrow
0%
Film 1948 Tap Roots
0%
Film 1927 Tarzan and the Golden Lion
0%
TV Show 1958 Telephone Time
0%
Radio Series 1945 Texatron Theatre
0%
Radio Series 1946 That's Life
0%
TV Show 1956 The Alcoa Hour
0%
Film 1922 The Altar Stairs
0%
TV Show 1962 Theatre '62
0%
Radio Series 1945-1952 Theatre Guild on the Air
0%
Film 1930 The Bad One
0%
Film 1926 The Bells
0%
TV Show 1955 The Best of Broadway
0%
Film 1952 The Black Castle
0%
Film 1935 The Black Room
0%
Film 1942 The Boogie Man Will Get You
0%
TV Show 1949 The Boris Karloff Mystery Playhouse
0%
Radio Series 1960 The Breck Sunday Showcase
0%
Radio Series 1944 The Camel Comedy Caravan
0%
Radio Series 1937 The Camel Hour
0%
Film 1921 The Cave Girl
0%
Radio Series 1939 The Chase and Sanborn Hour
0%
TV Show 1949 The Chevrolet Tele-Theatre
0%
Film 1944 The Climax
0%
Film 1920 The Courage of Marge O'Doone
0%
Film 1958 The Creation of the World
0%
Theater 1930 The Criminal Code
0%
Film 1931 The Criminal Code
0%
Film 1966 The Daydreamer
0%
Film 1920 The Deadlier Sex
0%
Theater Early 1900s The Devil
0%
Film 1941 The Devil Commands
0%
Film 1929 The Devil's Chaplain
0%
TV Show 1962 The Dickie Henderson Show
0%
TV Show 1957 The Dinah Shore Chevy Show
0%
TV Show 1960 The DuPont Show of the Month
0%
Film 1926 The Eagle of the Sea
0%
TV Show 1955 The Elgin Hour
0%
Film 1949 The Emperor's Nightingale
0%
Film 1940 The Fatal Hour
0%
Film Serial 1929 The Fatal Warning
0%
TV Show 1949 The Ford Theatre Hour
0%
Theater Early 1900s The Fortune Hunter
0%
Radio Series 1945 The Fred Allen Show
0%
Radio Series 1957 The Frightened
0%
TV Show 1959 The Gale Storm Show: Oh! Susanna
0%
Film 1923 The Gentleman from America
0%
Film 1966 The Ghost in the Invisible Bikini
0%
Film 1933 The Ghoul
0%
TV Show 1966 The Girl from U.N.C.L.E.
0%
Film 1926 The Golden Web
0%
Film 1926 The Greater Glory
0%
Film 1931 The Guilty Generation
0%
Film 1924 The Hellion
0%
Film 1921 The Hope Diamond Mystery
0%
Film 1934 The House of Rothschild
0%
Theater 1926 The Idiot
0%
Film 1971 The Incredible Invasion
0%
Film 1922 The Infidel
0%
Film 1938 The Invisible Menace
0%
Film 1954 The Island Monster
0%
Radio Series 1947 The Jack Benny Program
0%
Radio Series 1947 The Jimmy Durante Show
0%
Short Film 1957 The Juggler of Our Lady
0%
Short Film 1958 The Juggler of Our Lady
0%
TV Show 1957 The Kate Smith Show
0%
Film Serial 1929 The King of the Kongo
0%
Radio Series 1947 The Kraft Music Hall
0%
Radio Series 1946 The Lady Esther Screen Guild Theatre
0%
TV Show 1949 The Lamb's Gambol
0%
Theater 1955-1956 The Lark
0%
TV Film 1957 The Lark
0%
Film 1920 The Last of the Mohicans
0%
Film Serial 1919 The Lightning Raider
0%
Theater 1948 The Linden Tree
0%
Film 1928 The Little Wild Girl
0%
Film 1934 The Lost Patrol
0%
Film 1927 The Love Mart
0%
TV Show 1957 The Lux Show
0%
Film 1931 The Mad Genius
0%
Film 1922 The Man from Downing Street
0%
Film 1936 The Man Who Changed His Mind
0%
Film 1940 The Man with Nine Lives
0%
Film Serial 1919 The Masked Rider
0%
Film 1932 The Mask of Fu Manchu
0%
Film 1927 The Meddlin' Stranger
0%
Radio Series 1952 The MGM Musical Comedy Theatre
0%
Film 1932 The Miracle Man
0%
Film 1939 The Mystery of Mr. Wong
0%
TV Show 1968 The Name of the Game
0%
Radio Series 1948 The NBC University Theatre: The History of Mr. Polly
0%
Short Film 1926 The Nickel-Hopper
0%
TV Film 1962 The Paradine Case
0%
Theater Early 1900s The Parish Priest
0%
TV Show 1950 The Paul Whiteman's Goodyear Revue
0%
Film 1927 The Phantom Buster
0%
Film 1929 The Phantom of the North
0%
Radio Series 1953 The Play of His Choice: Hanging Judge
0%
TV Show 1953 The Plymouth Playhouse
0%
Film 1925 The Prairie Wife
0%
Film 1919 The Prince and Betty
0%
Film 1927 The Princess from Hoboken
0%
Film 1923 The Prisoner
0%
Film 1931 The Public Defender
0%
TV Show 1956, 1968 The Red Skelton Hourt
0%
Film 1930 The Sea Bat
0%
Radio Series 1948 The Sealtest Dorothy Lamour Show
0%
Film 1947 The Secret Life of Walter Mitty
0%
TV Film 1960 The Secret World of Eddie Hodges
0%
Theater 1949 The Shop at Sly Corner
0%
Film 1967 The Sorcerers
0%
Film 1951 The Strange Door
0%
Film 1929 The Unholy Knight
0%
TV Show 1955 The United States Steel Hour
0%
Film 1930 The Utah Kid
0%
Film Serial 1928 The Vanishing Rider
0%
TV Mini-Series 1958 The Veil
0%
Film 1967 The Venetian Affair
0%
Theater 1917-1920s The Virginian
0%
TV Show 1966 The Wild Wild West
0%
Film 1922 The Woman Conquers
0%
Film 1931 The Yellow Ticket
0%
TV Show 1960-1962 Thriller
0%
Film 1931 Tonight or Never
0%
Film 1927 Two Arabian Knights
0%
Film 1929 Two Sisters
0%
Film 1947 Unconquered
0%
Radio Series 1941 United Press on the Air
0%
Film 1960 Upgreen - And at 'Em
0%
Film 1926 Valencia
0%
Commercial 1967 Volkswagen
0%
Film 1957 Voodoo Island
0%
Film Serial 1928 Vultures of the Sea
0%
Theater Early 1900s Way Down East
0%
Film 1937 West of Shanghai
0%
Theater Early 1900s What Happened to Jones?
0%
Short Film 1960 Who Killed Chung Ling Soo?
0%
Theater Early 1900s Why Smith Left Home
0%
Documentary TBA William Henry Pratt AKA Boris Karloff
0%
Theater 1928-1929 Window Panes
0%
Film 1921 Without Benefit of Clergy
0%
Film 1925 Without Mercy
0%
Film 1940 You'll Find Out
0%
Film 1931 Young Donovan's Kid
0%
No matching quizzes found
Score Distribution
Percent of People with Each Score
Percentile by Number Answered
Your Score History
You have not taken this quiz since the last reset